I termini nel Processo Penale

Detalles Bibliográficos
Autor principal: Borasi, Ivan
Formato: eBook
Lenguaje:italiano
Publicado: Piacenza : Casa Editrice La Tribuna, 2011
Materias:
Acceso en línea:Acceso restringido

MARC

LEADER 00000nam a22000007a 4500
005 2012090609549.0
007 cr|||| ||||
008 120906s2011 it |||||s|||| 00||0 ita d
020 |a 9788861327276 
035 |a 6596 
040 |a vLex 
090 |c 3377  |d 3377 
100 1 |a Borasi, Ivan 
245 1 0 |a I termini nel Processo Penale  |h [Recurso electrn̤ico] /  |c Ivan Borasi  
256 |a Servicio en ln̕ea 
260 |a Piacenza :  |b Casa Editrice La Tribuna,  |c 2011 
300 |a 1 recurso electrn̤ico 
500 |a Commento organico alla disciplina procedurale e sostanziale. Aggiornato con le pi ̮recenti e rilevanti pronunce giurisprudenziali 
506 1 |a Contenido solo disponible en los productos indicados  |d vLex Global   |d vLex Global (Academic Edition, excluding Law Schools)   |d vLex Global (U.S. Academic Edition, Law Schools)   |d vLex Global (U.S. Academic Edition, excluding Law Schools)   |d vLex Global (Academic Edition, Law Schools)  
650 0 4 |a Procedimiento penal  |z Italia 
740 0 |a vLex Libros (Servicio en ln̕ea) 
856 4 0 |u http://vlex.com/source/termini-processo-penale-6596  |z Acceso restringido 
942 |c BOOK 
999 0 |a  Criminal procedure